טוען...
Question bank book series
| פורמט: | Printed Book |
|---|---|
| יצא לאור: |
New Delhi, Association of Indian Universities
1990
|
| סדרה: | 3
|
| LEADER | 003960000a22001210004500 | ||
|---|---|---|---|
| 082 | |a 378.166 N0.3 | ||
| 245 | |a Question bank book series | ||
| 260 | |a New Delhi, Association of Indian Universities | ||
| 260 | |c 1990 | ||
| 490 | |a 3 |c Chemistry | ||
| 942 | |c BK | ||
| 999 | |c 8075 |d 8075 | ||
| 952 | |0 0 |1 0 |4 0 |6 378_166000000000000_N0_3 |7 0 |8 REF |9 7869 |a MGUL |b MGUL |d 2013-07-16 |l 0 |o 378.166 N0.3 |p 05792 |r 2013-07-16 |w 2013-07-16 |y REF | ||